Jane Austen – One of the Most Prominent Female Writers of the Era of Literary Realism bakalárska práca

Na minha lista:
Detalhes bibliográficos
Autor principal: Kulihová, Mária
Autor Corporativo: Fakulta aplikovaných jazykov EU v Bratislave. Katedra interkultúrnej komunikácie
Outros Autores: Stradiotová, Eva, 1963-
Formato: Livro
Idioma:inglês
Publicado em: Bratislava 2018
Tags: Adicionar Tag
Sem tags, seja o primeiro a adicionar uma tag!

MARC

LEADER 00000nbm a2200000 4500
001 0244022
005 20180913144710.1
041 0 |a eng 
044 |a SK 
245 1 0 |a Jane Austen – One of the Most Prominent Female Writers of the Era of Literary Realism  |b bakalárska práca  |c Mária Kulihová ; školiteľ: Eva Stradiotová 
264 1 |a Bratislava  |c 2018 
300 |a 61 s. 
100 1 |a Kulihová, Mária 
700 1 |a Stradiotová, Eva, 1963- 
710 2 |a Fakulta aplikovaných jazykov EU v Bratislave. Katedra interkultúrnej komunikácie